000 00603nam a22001937a 4500
005 20251108164246.0
008 250721s1983 xx 000 0 ara d
082 1 4 _a350.0009/هيد
100 1 _aهيدي، فيريل
245 1 0 _aالإدارة العامة :
_bمنظور مقارن /
250 _aط2.، منقحة و موسعة
264 1 _aعمان :
_bالجامعة الأردنية،
_c1983.
300 _a306ص
650 1 7 _aالإدارة العامة
650 1 7 _aالتاريخ
700 1 _aالقريوتي، محمد قاسم
_eترجمة
942 _2ddc
_cBK
999 _c7676
_d7676